000 00293nam a2200109 a 4500
005 20201002044931.0
008 140404s1972 000 spa d
100 _aBret-Harte, Francis
_971532
245 0 _aRelatos californianos.
260 _aMadrid -- Libra,
_c1972 -- 185 p.
999 _c43207
_d43207
040 _aDO-SdBNP